000
00331nam a22001457a 4500
003
OSt
005
20160727222351.0
008
160622b xxu||||| |||| 00| 0 eng d
040
_c
TEST
100
_9
406
_a
Dixon, F, W
245
_a
The Senister Signpost
260
_a
LON
_b
Armada
300
_a
The Senister Signpost
942
_2
ddc
_c
BK
999
_c
332
_d
332